000 00778nam a2200241 i 4500
001 bgj
100 1 _aBURKE, Kathy
245 1 0 _aWavelength :
_belementary : teacher's resource book /
_cKathy Burke ; Julia Brooks ; Lynne Rushton ; Michael Carter ; Russell Stannard.
260 _aHarlow, Essex :
_bLongman,
_c1999.
300 _aXI, T185 pp. :
_bill., photos ;
_c29 cm.
650 9 _aEnglish language
_xElementary
655 _aTextbooks for foreigners
700 1 _aBROOKS, Julia.
_eco-author
700 1 _aRUSHTON, Lynne.
_eco-author
700 1 _aCARTER, Michael.
_ephotos
700 1 _aSTANNARD, Russell.
_ephotos
020 _a0582320445
040 _cBPK
041 0 _aeng
920 _a0-582-32044-5
942 _cKS
008 s uk f |000 0 eng
999 _c48446
_d48446